000 02207cam a22001934a 4500
005 20250605164341.0
008 250528s ||||||||||||||||||||||||d
035 _a23619
040 _aGR-AtMCL
_bgre
_dGR-AtMCL
_eAACR2
245 1 _aΗ Συνέντευξη ως Μέθοδος Επιλογής Προσωπικού./Η Χρήση της Συνέντευξης Επιλογής από τις Μικρομεσαίες Επιχείρηση του Χώρου Εστίασης στην Ελλάδα.
260 _c2015
300 _a108
520 _aΕισαγωγή, η Χρήση ΤΕΣΤ στην Επιλογή Προσωπικού, τα Κέντρα Αξιολόγησης, οι Βιογραφικές Μέθοδοι, η Συνέντευξη Επιλογής Προσωπικού, Δομή της Συνέντευξης, Είδη της Συνέντευξης, οι Συμμετέχοντες στην Διαδικασία της Συνέντευξης, Συνέντευκτες και Υποψήφιοι, Προβήματα και Λάθη της Συνέντευξης, Αξιοπιστία και Εγκυρότητα, Τρόποι Βελτίωσης της Μεθόδου της Συνέντευξης, Μέθοδοι Επιλογής Προσωπικού στην Ελλάδα και στην Ευρώπη - Συγκριτική Ανάλυση, η Μέθοδοι της Συνέντευξης Επιλογής και οι Ελληνικές Επιχειρήσεις, Ορίζοντας την Μικρομεσαία Επιχείρηση, οι Μικρομεσαίες Επιχειρήσεις κατά την Ε.Ε - Ελλάδα, η Διεξαγωγή της Έρευνας, το Έρευνητικό Πρόβλημα, η Έρευνητική Προσέγγιση, ο Σχεδιασμός και η Στρατηγική της Έρευνας, το Ερωτηματολόγιο, Ανάλυση Δεδομένων, Αναλύσεις Μεταβλητών, Συμπεράσματα, Βιβογραφία, Παραρτήματα.
700 1 _aΜαρκάκη Ευαγγελία
_95539
700 1 _aΠρόκο Κωνσταντίνα
_99209
942 _cDS
999 _c8619
_d8619